| 000 | 00799nam a2200253Ia 4500 | ||
|---|---|---|---|
| 008 | |||
| 049 | _aMAIN | ||
| 090 |
_aRC377 _bBAU |
||
| 100 | 1 | _aBauer, Helmut. | |
| 245 | 0 | 0 |
_aMultiple sclerosis : _bits impact from childhood to old age / _cHelmut J. Bauer, Folder A. Hanefeld. |
| 260 |
_aLondon ; _aPhiladelphia : _bSaunders, _c1993. |
||
| 300 |
_ax, 177 p. : _bill. ; _c24 cm. |
||
| 440 | 1 |
_aMajor problems in neurology; _vv.26. |
|
| 500 | _aIncludes index. | ||
| 504 | _aIncludes bibliographical references. | ||
| 650 | 2 | _aMultiple Sclerosis. | |
| 700 | 1 | 0 | _aHanefeld, Folker A. |
| 740 | 0 | 1 | _aMultiple sclerosis. |
| 907 |
_a.b10356344 _b08-04-15 _c31-03-15 |
||
| 003 | |||
| 005 | 20230120204151.0 | ||
| 040 | _cNUST | ||
| 942 |
_cBOOKS _kRC377 _mBAU |
||
| 999 |
_c118333 _d118333 |
||